Life, death and the elderly : historical perspectives
Αποθηκεύτηκε σε:
| Άλλοι συγγραφείς: | , |
|---|---|
| Μορφή: | Βιβλίο |
| Γλώσσα: | Greek |
| Δημοσίευση: |
London :
Routledge,
1994.
|
| Σειρά: | Studies in the social history of medicine
|
| Θέματα: | |
| Ετικέτες: |
Προσθήκη ετικέτας
Δεν υπάρχουν, Καταχωρήστε ετικέτα πρώτοι!
|
MARC
| LEADER | 00000cam a2200000 i 4500 | ||
|---|---|---|---|
| 001 | 1/101888 | ||
| 008 | 950511s1991 gre d | ||
| 020 | |a 0-415-111358 | ||
| 035 | |l 10012287 | ||
| 040 | |a GR-MY-UA |b gre |e aacr | ||
| 041 | 0 | |a gre | |
| 082 | 0 | |a 305.26 | |
| 245 | 1 | 0 | |a Life, death and the elderly : |b historical perspectives / |c edited by Margaret Pelling and Richard M. Smith. |
| 260 | |a London : |b Routledge, |c 1994. | ||
| 300 | |a 252 σ. | ||
| 490 | 1 | |a (Studies in the social history of medicine) | |
| 504 | |a Περιλαμβάνει βιβλιογραφικές παραπομπές και ευρετήριο. | ||
| 650 | 0 | 0 | |a Older people |x Social conditions. |
| 650 | 0 | 0 | |a Older people |x Health and hygiene |x History. |
| 650 | 0 | 0 | |a Old age assistance |x History. |
| 700 | 1 | |a Pelling, Margaret, |e edtf | |
| 700 | 1 | |a Smith, Richard Michael, |d 1946- |e edt | |
| 830 | 0 | |a Studies in the social history of medicine | |
| 852 | |a INST |b LESVOS |e 19950511 |h 305.26 LIF |p 005100001032 |q 005100001032 |t BK |y 0 | ||
| 909 | |a Λ |b 040669 | ||
| 950 | |a 043-1995-02-23 | ||